000 01575cam a22003494a 4500
001 14292155
005 20060915144514.0
008 060308s2007 maua b 001 0 eng
010 _a 2006043405
020 _a0205454437 (paperback)
035 _a(OCoLC)ocm64596028
040 _aDLC
_cDLC
_dYDX
_dBAKER
_dDLC
042 _apcc
050 0 0 _aGN316
_b.H36 2007
082 0 0 _a306
_222
_bHAR
100 1 _aHarris, Marvin,
_d1927-
_927832
245 1 0 _aCultural anthropology /
_cMarvin Harris, Orna Johnson.
250 _a7th ed.
260 _aBoston :
_bPearson/Allyn & Bacon,
_cc2007.
300 _axiv, 385 p. :
_bill. ;
_c28 cm.
504 _aIncludes bibliographical references (p. 356-370) and index.
650 0 _aEthnology.
_927833
650 0 _aAnthropology.
_927834
653 _bNUR
_cNovember2011
700 1 _aJohnson, Orna.
_927835
906 _a7
_bcbc
_corignew
_d1
_eocip
_f20
_gy-gencatlg
942 _2ddc
_cNRNB
999 _c16244
_d16244